Boli sme medzi prvými

Podrobná bibliografia
Hlavní autori: Mokrý, Ján (Autor), (bš) (Autor)
Médium: Článok
Jazyk:slovenčina
Fyzický popis:Obr. 1
Predmet:

MARC

LEADER 00000nab a2200000 a 4500
001 vtls000546307
003 SK-MaSNL
005 20260303011939.0
008 120929c1995 xo 0 slo
015 |a SNBRB19rr/mm-uuuuu 
035 |a CL0546445 
040 |a SNKBUCL  |b slo  |c SNKBUCL  |e AACR2 
041 0 |a slo 
044 |a xo  |c SK 
080 |a 352:061.25:061.21(437.6)  |2 1981 
100 1 |a Mokrý, Ján  |4 aut  |9 696153 
245 1 0 |a Boli sme medzi prvými  |c Ján Mokrý, (bš) 
300 |b Obr. 1 
650 0 7 |a Združenie miest a obcí Hornej Nitry  |2 snkbucl  |9 991077 
651 7 |a 5206  |2 snkbucl  |9 283253 
655 7 |a články z novín a časopisov  |2 snkbucl  |9 267496 
700 1 |a (bš)  |4 aut  |9 874864 
773 0 |t Verejná správa  |g Č. 6 (1995), s. 7 
850 |a Slovenská národná knižnica v Martine  |a MTA001 
852 |a SNK  |b KIS3GCP 
958 |a RK 
992 |a RBX 
999 |c 1594824  |d 1596754